| 000 | 00627nmm a2200241 a 4500 | ||
|---|---|---|---|
| 003 | AR-BaBNM | ||
| 005 | 20251128211309.0 | ||
| 008 | 263120s2002 ||||||||||||||000 | spa|| | ||
| 020 | _a987-1045-01-8 | ||
| 040 | _cAR-BaBNM | ||
| 100 | 1 | _aRuiz de los Llanos, Gabriel | |
| 245 | 1 | 0 | _aEl día menos pensado |
| 246 | 2 | _a11 de septiembre: el día menos pensado | |
| 260 |
_aBuenos Aires _bDel Nuevo Amanecer _c2002 |
||
| 300 | _a110 p. | ||
| 650 | 4 | _aLITERATURA ARGENTINA | |
| 650 | 4 | _aNOVELAS | |
| 650 | 4 | _aLITERATURA CONTEMPORANEA | |
| 650 | 4 | _aTERRORISMO | |
| 655 | _aLITERATURA | ||
| 942 | _cBK | ||
| 998 | _cmartin | ||
| 999 |
_c19053 _d19053 |
||